[Event "Bader Memorial op"]
[Site "Heves"]
[Date "2009.03.29"]
[Round "6"]
[White "Sapi, Janos"]
[Black "Sipka, Zoltan"]
[Result "1/2-1/2"]
[WhiteElo "2094"]
[BlackElo "1944"]
[PlyCount "39"]
[EventDate "2009.03.26"]
[EventType "swiss"]
[EventRounds "7"]
[EventCountry "HUN"]
[SourceTitle "EXT 2011"]
[Source "ChessBase"]
[SourceDate "2010.11.26"]
[SourceVersion "1"]
[SourceVersionDate "2010.11.26"]
[SourceQuality "1"]

1. d4 d5 2. c4 e6 3. Nf3 Nf6 4. g3 Be7 5. Bg2 0-0 6. 0-0 c6 7. Nc3 Nbd7 8. b3 Bb4 9. Qc2 Bxc3 10. Qxc3 Ne4 11. Qc2 Qa5 12. Bb2 f5 13. a3 Ndf6 14. b4 Qd8 15. Ne5 Nd7 16. Nxd7 Bxd7 17. c5 Be8 18. f3 Nf6 19. e4 fxe4 20. fxe4 1/2-1/2

[Event "Bader Memorial op"]
[Site "Heves"]
[Date "2009.03.29"]
[Round "7"]
[White "Zabiak, Jozsef"]
[Black "Sapi, Janos"]
[Result "1-0"]
[WhiteElo "2175"]
[BlackElo "2094"]
[PlyCount "49"]
[EventDate "2009.03.26"]
[EventType "swiss"]
[EventRounds "7"]
[EventCountry "HUN"]
[SourceTitle "EXT 2011"]
[Source "ChessBase"]
[SourceDate "2010.11.26"]
[SourceVersion "1"]
[SourceVersionDate "2010.11.26"]
[SourceQuality "1"]

1. e4 c5 2. Nf3 Nc6 3. d4 cxd4 4. Nxd4 Qc7 5. Nc3 e6 6. Ndb5 Qb8 7. a3 a6 8. Nd4 Nf6 9. Be3 Be7 10. Na4 b5 11. Nxc6 dxc6 12. Nb6 0-0 13. Nxa8 Qxa8 14. Bg5 Rd8 15. Bd3 c5 16. 0-0 c4 17. e5 cxd3 18. exf6 gxf6 19. Bh6 Qe4 20. Qf3 Qg6 21. Qg3 dxc2 22. Rac1 Bb7 23. Rxc2 Bd5 24. Rfc1 Bc4 25. b3 1-0

[Event "Bader Memorial op"]
[Site "Heves"]
[Date "2009.03.27"]
[Round "3"]
[White "Becskei, Zoltan"]
[Black "Sapi, Janos"]
[Result "1/2-1/2"]
[WhiteElo "1843"]
[BlackElo "2094"]
[PlyCount "24"]
[EventDate "2009.03.26"]
[EventType "swiss"]
[EventRounds "7"]
[EventCountry "HUN"]
[SourceTitle "EXT 2011"]
[Source "ChessBase"]
[SourceDate "2010.11.26"]
[SourceVersion "1"]
[SourceVersionDate "2010.11.26"]
[SourceQuality "1"]

1. e4 c5 2. Nf3 Nc6 3. d4 cxd4 4. Nxd4 Qc7 5. Nc3 e6 6. Be2 a6 7. 0-0 Be7 8. Be3 Nf6 9. a4 0-0 10. Kh1 d6 11. f4 Bd7 12. Qe1 Rac8 1/2-1/2

[Event "HUN-chT2 Erkel 0708"]
[Site "Hungary"]
[Date "2008.04.27"]
[Round "10"]
[White "Kiss, Jozsef"]
[Black "Sapi, Janos"]
[Result "1-0"]
[WhiteElo "2096"]
[BlackElo "2098"]
[PlyCount "56"]
[EventDate "2007.10.14"]
[EventType "team"]
[EventRounds "11"]
[EventCountry "HUN"]
[SourceTitle "EXT 2009"]
[Source "ChessBase"]
[SourceDate "2008.11.26"]
[SourceVersion "1"]
[SourceVersionDate "2008.11.26"]
[SourceQuality "1"]
[WhiteTeam "Keviterv"]
[BlackTeam "Jaszbereny"]
[WhiteTeamCountry "HUN"]
[BlackTeamCountry "HUN"]

1. e4 c5 2. Nf3 Nc6 3. d4 cxd4 4. Nxd4 Qc7 5. Nc3 e6 6. Ndb5 Qb8 7. Be3 Nf6 8. f4 d6 9. Qf3 Be7 10. Bd3 0-0 11. 0-0 a6 12. Nd4 Qc7 13. Rae1 Nxd4 14. Bxd4 e5 15. Nd5 Nxd5 16. exd5 exd4 17. Qe4 f5 18. Qxe7 Qc5 19. Rf3 b5 20. Rg3 g6 21. Rh3 Ra7 22. Rxh7 Rxe7 23. Rexe7 Rf6 24. Reg7+ Kf8 25. Rc7 Kg8 26. Rxc5 dxc5 27. Rc7 Rf8 28. Rxc5 Rd8 1-0

[Event "HUN-chT2 Erkel 0708"]
[Site "Hungary"]
[Date "2008.03.16"]
[Round "8"]
[White "Kalo, Istvan"]
[Black "Sapi, Janos"]
[Result "0-1"]
[WhiteElo "2060"]
[BlackElo "2098"]
[PlyCount "20"]
[EventDate "2007.10.14"]
[EventType "team"]
[EventRounds "11"]
[EventCountry "HUN"]
[SourceTitle "EXT 2009"]
[Source "ChessBase"]
[SourceDate "2008.11.26"]
[SourceVersion "1"]
[SourceVersionDate "2008.11.26"]
[SourceQuality "1"]
[WhiteTeam "Ujszasz"]
[BlackTeam "Jaszbereny"]
[WhiteTeamCountry "HUN"]
[BlackTeamCountry "HUN"]

1. e4 c5 2. Nf3 d6 3. d4 Nf6 4. Bd3 cxd4 5. Nxd4 e6 6. 0-0 Be7 7. Nc3 0-0 8. f4 Nc6 9. Nxc6 bxc6 10. Be3 a5 0-1

[Event "IECG TE.2008.P.02527 email"]
[Site "IECG email"]
[Date "2008.03.15"]
[Round "?"]
[White "Manaschev, Erlan"]
[Black "Sapi, Janos"]
[Result "0-1"]
[WhiteElo "580"]
[BlackElo "2066"]
[PlyCount "48"]
[EventDate "2008.03.15"]
[EventType "tourn (corr)"]
[EventRounds "12"]
[SourceTitle "Corr 2024"]
[Source "ChessBase"]
[SourceDate "2023.10.19"]
[SourceVersion "1"]
[SourceVersionDate "2023.10.19"]
[SourceQuality "1"]

1. d4 d5 2. c4 c6 3. Nc3 Nf6 4. e3 e6 5. Nf3 Nbd7 6. Qc2 Bd6 7. Bd3 0-0 8. 0-0 dxc4 9. Bxc4 a6 10. a3 c5 11. dxc5 Bxc5 12. Bd3 Be7 13. Ng5 h6 14. Bh7+ Kh8 15. Nxf7+ Rxf7 16. Bg6 Rf8 17. e4 Ne5 18. f4 Nxg6 19. e5 Bc5+ 20. Kh1 Ng4 21. Qxg6 Nxh2 22. Ne4 Qh4 23. Nf2 Bxf2 24. g3 Qh3 0-1

[Event "IECG TE.2008.P.02527 email"]
[Site "IECG email"]
[Date "2008.03.15"]
[Round "?"]
[White "Theeravanvilai, Prasert"]
[Black "Sapi, Janos"]
[Result "1-0"]
[WhiteElo "1500"]
[BlackElo "2066"]
[PlyCount "39"]
[EventDate "2008.03.15"]
[EventType "tourn (corr)"]
[EventRounds "12"]
[SourceTitle "Corr 2024"]
[Source "ChessBase"]
[SourceDate "2023.10.19"]
[SourceVersion "1"]
[SourceVersionDate "2023.10.19"]
[SourceQuality "1"]

1. d4 d5 2. c4 c6 3. Nc3 Nf6 4. e3 e6 5. Nf3 Nbd7 6. Qc2 Bd6 7. c5 Bc7 8. a3 e5 9. dxe5 Nxe5 10. Nxe5 Bxe5 11. Rb1 Qe7 12. b4 Bf5 13. Bd3 Bxd3 14. Qxd3 Bxc3+ 15. Qxc3 Qe4 16. Ra1 Qxg2 17. Qe5+ Kf8 18. Rf1 Ne4 19. Bb2 h5 20. Ke2 1-0

[Event "IECG TE.2006.S.02303 email"]
[Site "IECG email"]
[Date "2008.03.01"]
[Round "?"]
[White "Borisovs, Leonids"]
[Black "Sapi, Janos"]
[Result "1-0"]
[WhiteElo "2233"]
[BlackElo "2066"]
[PlyCount "53"]
[EventDate "2008.03.01"]
[EventType "tourn (corr)"]
[EventRounds "12"]
[SourceTitle "Corr 2024"]
[Source "ChessBase"]
[SourceDate "2023.10.19"]
[SourceVersion "1"]
[SourceVersionDate "2023.10.19"]
[SourceQuality "1"]

1. e4 c5 2. c3 d5 3. exd5 Qxd5 4. d4 Nf6 5. Nf3 e6 6. Be3 cxd4 7. cxd4 Bb4+ 8. Nc3 0-0 9. Bd3 b6 10. 0-0 Bxc3 11. bxc3 Ba6 12. Bxa6 Nxa6 13. Qe2 Nb8 14. Bg5 Qe4 15. Qd2 Nbd7 16. Rfe1 Qg6 17. Qe2 Rac8 18. Rac1 Rc7 19. c4 Rfc8 20. Bf4 Rc6 21. a3 Qf5 22. Bd2 R6c7 23. a4 h6 24. a5 bxa5 25. c5 a4 26. Ra1 Nd5 27. Rxa4 1-0

[Event "IECG TE.2006.S.02303 email"]
[Site "IECG email"]
[Date "2008.03.01"]
[Round "?"]
[White "Korchut, Adam"]
[Black "Sapi, Janos"]
[Result "1-0"]
[WhiteElo "2149"]
[BlackElo "2066"]
[PlyCount "59"]
[EventDate "2008.03.01"]
[EventType "tourn (corr)"]
[EventRounds "12"]
[SourceTitle "Corr 2024"]
[Source "ChessBase"]
[SourceDate "2023.10.19"]
[SourceVersion "1"]
[SourceVersionDate "2023.10.19"]
[SourceQuality "1"]

1. e4 c5 2. c3 d5 3. exd5 Qxd5 4. d4 Nf6 5. Nf3 e6 6. Be2 Be7 7. 0-0 0-0 8. c4 Qd8 9. Nc3 cxd4 10. Nxd4 a6 11. Bf4 Bd7 12. a3 Nc6 13. Nf3 Nh5 14. Bd6 Nf6 15. c5 b6 16. b4 bxc5 17. bxc5 Bxd6 18. cxd6 Qa5 19. Qd3 Ne5 20. Qd4 Nxf3+ 21. Bxf3 Rac8 22. Ne4 Nxe4 23. Bxe4 Rc3 24. Bb7 Bb5 25. Rfd1 Be2 26. Re1 Rxa3 27. h3 e5 28. Qb2 Rxa1 29. Rxa1 Qb5 30. Qa2 1-0

[Event "IECG TE.2006.S.02303 email"]
[Site "IECG email"]
[Date "2008.03.01"]
[Round "?"]
[White "Sapi, Janos"]
[Black "Borisovs, Leonids"]
[Result "0-1"]
[WhiteElo "2066"]
[BlackElo "2233"]
[PlyCount "60"]
[EventDate "2008.03.01"]
[EventType "tourn (corr)"]
[EventRounds "12"]
[SourceTitle "Corr 2024"]
[Source "ChessBase"]
[SourceDate "2023.10.19"]
[SourceVersion "1"]
[SourceVersionDate "2023.10.19"]
[SourceQuality "1"]

1. e4 c5 2. c3 Nf6 3. e5 Nd5 4. Nf3 Nc6 5. Bc4 Nb6 6. Bb3 c4 7. Bc2 Qc7 8. Qe2 g5 9. h3 Bg7 10. 0-0 Nxe5 11. Nxg5 d5 12. a4 Nbd7 13. d4 cxd3 14. Bxd3 Nxd3 15. Qxd3 h6 16. Nf3 Nc5 17. Qxd5 Be6 18. Qh5 Nb3 19. Ra3 Nxc1 20. Rxc1 0-0-0 21. Nbd2 Bf6 22. Qb5 Rhg8 23. Kh1 Bg5 24. Rd1 Bc4 25. Qf5+ e6 26. Qb1 Bd3 27. Qa1 Bc2 28. Rc1 Bh7 29. Nf1 Qb6 30. Kg1 Be4 0-1

[Event "HUN-chT2 Erkel 0708"]
[Site "Hungary"]
[Date "2007.10.14"]
[Round "1"]
[White "Ruip, Janos"]
[Black "Sapi, Janos"]
[Result "1/2-1/2"]
[WhiteElo "1984"]
[BlackElo "2098"]
[PlyCount "38"]
[EventDate "2007.10.14"]
[EventType "team"]
[EventRounds "11"]
[EventCountry "HUN"]
[SourceTitle "EXT 2009"]
[Source "ChessBase"]
[SourceDate "2008.11.26"]
[SourceVersion "1"]
[SourceVersionDate "2008.11.26"]
[SourceQuality "1"]
[WhiteTeam "Paszto"]
[BlackTeam "Jaszbereny"]
[WhiteTeamCountry "HUN"]
[BlackTeamCountry "HUN"]

1. e4 c5 2. Nc3 Nc6 3. g3 g6 4. Bg2 Bg7 5. d3 d6 6. Be3 Rb8 7. Qd2 b5 8. f4 b4 9. Nd1 e5 10. Nf3 Nge7 11. fxe5 Nxe5 12. Nxe5 Bxe5 13. 0-0 0-0 14. Bh6 Bg7 15. Bxg7 Kxg7 16. Ne3 Be6 17. c3 d5 18. e5 d4 19. Nd1 a5 1/2-1/2

[Event "HUN-chT2 Erkel 0607"]
[Site "Hungary"]
[Date "2007.03.04"]
[Round "6"]
[White "Steiger, Bela"]
[Black "Sapi, Janos"]
[Result "0-1"]
[WhiteElo "2236"]
[BlackElo "2079"]
[PlyCount "58"]
[EventDate "2006.11.12"]
[EventType "team"]
[EventRounds "11"]
[EventCountry "HUN"]
[SourceTitle "EXT 2008"]
[Source "ChessBase"]
[SourceDate "2007.11.25"]
[SourceVersion "1"]
[SourceVersionDate "2007.11.25"]
[SourceQuality "1"]
[WhiteTeam "Hobagoly"]
[BlackTeam "Szekuritas"]
[WhiteTeamCountry "HUN"]
[BlackTeamCountry "HUN"]

1. d4 Nf6 2. c4 g6 3. Nc3 d5 4. Bf4 Bg7 5. e3 c5 6. Nf3 0-0 7. Qb3 cxd4 8. Nxd4 dxc4 9. Bxc4 Nbd7 10. Bg3 Nc5 11. Qa3 Nce4 12. Be5 Nxc3 13. bxc3 Ng4 14. Bxg7 Kxg7 15. Rd1 Qc7 16. Be2 e5 17. Nb5 Qc6 18. 0-0 Be6 19. Rd6 Qc8 20. Qb4 Nf6 21. Rd2 Bd5 22. Qd6 Qe6 23. Qxe6 Bxe6 24. Nc7 Rad8 25. Rfd1 Rxd2 26. Nxe6+ fxe6 27. Rxd2 Rc8 28. c4 Rc7 29. f3 Kf7 0-1

[Event "IECG CA.2006.0.00181 email"]
[Site "IECG email"]
[Date "2006.12.24"]
[Round "?"]
[White "Sapi, Janos"]
[Black "Edel, Thomas"]
[Result "1-0"]
[WhiteElo "2149"]
[BlackElo "2018"]
[PlyCount "47"]
[EventDate "2006.12.24"]
[EventType "tourn (corr)"]
[EventRounds "6"]
[SourceTitle "Corr 2011"]
[Source "ChessBase"]
[SourceDate "2010.08.31"]
[SourceVersion "1"]
[SourceVersionDate "2010.08.31"]
[SourceQuality "1"]

1. d4 Nf6 2. c4 d6 3. Nf3 Nbd7 4. Nc3 c6 5. e4 e5 6. Be2 Be7 7. 0-0 a6 8. Nh4 exd4 9. Qxd4 Nc5 10. Nf5 Bxf5 11. exf5 a5 12. g4 h6 13. Be3 Qc7 14. h4 Nfd7 15. g5 0-0-0 16. Kg2 hxg5 17. hxg5 Qb6 18. b3 Rdg8 19. Rh1 Qd8 20. f4 Qe8 21. Bf3 Bd8 22. Rxh8 Rxh8 23. Re1 Qf8 24. a3 1-0

[Event "IECG CA.2006.0.00181 email"]
[Site "IECG email"]
[Date "2006.12.24"]
[Round "?"]
[White "Sapi, Janos"]
[Black "Gajzner, Ryszard"]
[Result "1-0"]
[WhiteElo "2149"]
[BlackElo "2009"]
[PlyCount "77"]
[EventDate "2006.12.24"]
[EventType "tourn (corr)"]
[EventRounds "6"]
[SourceTitle "Corr 2011"]
[Source "ChessBase"]
[SourceDate "2010.08.31"]
[SourceVersion "1"]
[SourceVersionDate "2010.08.31"]
[SourceQuality "1"]

1. d4 Nf6 2. c4 g6 3. Nc3 Bg7 4. e4 d6 5. Nf3 0-0 6. Be2 e5 7. 0-0 exd4 8. Nxd4 Re8 9. f3 Nc6 10. Be3 Nh5 11. Qd2 Nf4 12. Rfd1 Nxe2+ 13. Ncxe2 Ne5 14. b3 c6 15. Rac1 Qc7 16. Nc3 b6 17. Nde2 Bf8 18. Bg5 a6 19. a4 a5 20. Qf4 Nd7 21. Bh6 Bxh6 22. Qxh6 Nc5 23. Nd4 Bd7 24. Rc2 Re5 25. Rcd2 Rae8 26. Qh4 Kg7 27. Nde2 Nb7 28. f4 Rh5 29. Qg3 Bc8 30. Qf3 Qe7 31. Qf2 Qc7 32. Ng3 Rh6 33. f5 f6 34. Nce2 Rd8 35. Rf1 Rf8 36. Nd4 Nc5 37. Qf4 g5 38. Qe3 Re8 39. Nf3 1-0

[Event "IECG TE.2006.P.02317 email"]
[Site "IECG email"]
[Date "2006.12.20"]
[Round "?"]
[White "Candelario, Jose"]
[Black "Sapi, Janos"]
[Result "0-1"]
[WhiteElo "800"]
[BlackElo "2149"]
[PlyCount "106"]
[EventDate "2006.12.20"]
[EventType "tourn (corr)"]
[EventRounds "12"]
[SourceTitle "Corr 2024"]
[Source "ChessBase"]
[SourceDate "2023.10.19"]
[SourceVersion "1"]
[SourceVersionDate "2023.10.19"]
[SourceQuality "1"]

1. e4 c5 2. c3 d5 3. exd5 Qxd5 4. Nf3 Nf6 5. Be2 Nc6 6. d4 cxd4 7. cxd4 e6 8. Nc3 Qd6 9. 0-0 Be7 10. Bg5 0-0 11. Bd3 a6 12. Re1 Rd8 13. Bxf6 Bxf6 14. Ne4 Qe7 15. Nxf6+ Qxf6 16. Re4 b6 17. Qd2 Ne7 18. Rh4 Ng6 19. Bxg6 Qxg6 20. Ne5 Qf6 21. Qf4 Qxf4 22. Rxf4 f6 23. Nc4 Rb8 24. Rc1 Bd7 25. b3 Rbc8 26. Re1 b5 27. Ne3 Bc6 28. h4 h5 29. f3 Bb7 30. Kf2 Rc7 31. Rd1 Rc3 32. g4 e5 33. dxe5 Rxd1 34. Nxd1 Rc2+ 35. Kg3 fxe5 36. Rf5 hxg4 37. Ne3 Rxa2 38. fxg4 Rb2 39. Rxe5 Rxb3 40. h5 Bc6 41. Kf4 Rb4+ 42. Kg5 Bf3 43. Rf5 Be2 44. Rf2 Bd3 45. Nf5 Bxf5 46. Kxf5 Rc4 47. Ra2 Rc6 48. Ke5 b4 49. Kd4 Kh7 50. g5 Rb6 51. Kc4 b3 52. Rb2 Rb5 53. h6 g6 0-1

[Event "IECG TE.2006.P.02315 email"]
[Site "IECG email"]
[Date "2006.12.20"]
[Round "?"]
[White "Capoccia, Angelo Antonio"]
[Black "Sapi, Janos"]
[Result "0-1"]
[WhiteElo "1988"]
[BlackElo "2149"]
[PlyCount "32"]
[EventDate "2006.12.20"]
[EventType "tourn (corr)"]
[EventRounds "12"]
[SourceTitle "Corr 2024"]
[Source "ChessBase"]
[SourceDate "2023.10.19"]
[SourceVersion "1"]
[SourceVersionDate "2023.10.19"]
[SourceQuality "1"]

1. e4 c5 2. c3 d5 3. exd5 Qxd5 4. d4 Nf6 5. Nf3 e6 6. Na3 Qd8 7. Bg5 Nc6 8. dxc5 Bxc5 9. Qxd8+ Nxd8 10. Nc4 Ne4 11. Bh4 b6 12. Be2 Bb7 13. Ncd2 Nxd2 14. Nxd2 e5 15. 0-0-0 f6 16. Rhe1 g5 0-1

[Event "IECG TE.2006.P.02317 email"]
[Site "IECG email"]
[Date "2006.12.20"]
[Round "?"]
[White "Fulir, Mladen"]
[Black "Sapi, Janos"]
[Result "0-1"]
[WhiteElo "1950"]
[BlackElo "2149"]
[PlyCount "36"]
[EventDate "2006.12.20"]
[EventType "tourn (corr)"]
[EventRounds "12"]
[SourceTitle "Corr 2024"]
[Source "ChessBase"]
[SourceDate "2023.10.19"]
[SourceVersion "1"]
[SourceVersionDate "2023.10.19"]
[SourceQuality "1"]

1. e4 c5 2. c3 d5 3. exd5 Qxd5 4. d4 Nf6 5. Nf3 e6 6. Nbd2 cxd4 7. Bc4 Qh5 8. cxd4 Nc6 9. Qe2 Be7 10. 0-0 0-0 11. Ne4 Rd8 12. Ng3 Qa5 13. Bd2 Qb6 14. Be3 Nd5 15. Rac1 a5 16. Ne4 a4 17. a3 Na5 18. Bd3 Nb3 0-1

[Event "IECG TE.2006.P.02315 email"]
[Site "IECG email"]
[Date "2006.12.20"]
[Round "?"]
[White "James, Michael"]
[Black "Sapi, Janos"]
[Result "0-1"]
[WhiteElo "1563"]
[BlackElo "2149"]
[PlyCount "94"]
[EventDate "2006.12.20"]
[EventType "tourn (corr)"]
[EventRounds "12"]
[SourceTitle "Corr 2024"]
[Source "ChessBase"]
[SourceDate "2023.10.19"]
[SourceVersion "1"]
[SourceVersionDate "2023.10.19"]
[SourceQuality "1"]

1. e4 c5 2. c3 d5 3. exd5 Qxd5 4. d4 Nf6 5. Nf3 e6 6. Be2 Be7 7. 0-0 0-0 8. c4 Qd8 9. Nc3 cxd4 10. Nxd4 Bd7 11. Be3 Nc6 12. a3 Qb8 13. b4 Rd8 14. f4 a5 15. Nxc6 bxc6 16. bxa5 Rxa5 17. Rb1 Qc7 18. Bb6 Bc5+ 19. Bxc5 Rxc5 20. Qd4 Ra5 21. a4 e5 22. fxe5 Rxe5 23. Qb6 Qxb6+ 24. Rxb6 Rde8 25. Bf3 Rc5 26. Rb4 g5 27. Bd1 Kg7 28. Bb3 h5 29. Bc2 h4 30. Bb1 h3 31. g3 Bg4 32. Rxf6 Kxf6 33. Ne4+ Rxe4 34. Bxe4 Ke5 35. Bd3 Be6 36. Be2 Kd4 37. Bf3 g4 38. Bd1 f5 39. Kf2 Bxc4 40. Be2 Kc3 41. Rb6 Bxe2 42. Kxe2 Kd4 43. Rb2 Rc1 44. Rb4+ Rc4 45. Rb2 Rxa4 46. Rd2+ Ke4 47. Kf2 c5 0-1

[Event "IECG TE.2006.P.02317 email"]
[Site "IECG email"]
[Date "2006.12.20"]
[Round "?"]
[White "Martins, Karin"]
[Black "Sapi, Janos"]
[Result "0-1"]
[WhiteElo "1479"]
[BlackElo "2149"]
[PlyCount "76"]
[EventDate "2006.12.20"]
[EventType "tourn (corr)"]
[EventRounds "12"]
[SourceTitle "Corr 2024"]
[Source "ChessBase"]
[SourceDate "2023.10.19"]
[SourceVersion "1"]
[SourceVersionDate "2023.10.19"]
[SourceQuality "1"]

1. e4 c5 2. c3 d5 3. exd5 Qxd5 4. d4 Nf6 5. Nf3 e6 6. Be3 cxd4 7. cxd4 Be7 8. Nc3 Qd6 9. Bd3 Nc6 10. a3 0-0 11. 0-0 b6 12. Qe2 Bb7 13. Rad1 Rad8 14. Bg5 g6 15. Bc4 Nd5 16. Bxd5 exd5 17. Bxe7 Qxe7 18. Qb5 Qd7 19. Rfe1 f6 20. Rd3 Na5 21. Qb4 Nc6 22. Qb3 Na5 23. Qd1 Nc4 24. Qc1 Rc8 25. Nd2 Rce8 26. Rxe8 Rxe8 27. Nf1 Qd6 28. h4 f5 29. h5 f4 30. Nb5 Qd7 31. hxg6 Qxb5 32. gxh7+ Kh8 33. Qxf4 Qd7 34. Rc3 Qd6 35. Qf7 Qe7 36. Qg6 Qe6 37. Qg3 Bc8 38. Qg5 Qf5 0-1

[Event "IECG TE.2006.P.02317 email"]
[Site "IECG email"]
[Date "2006.12.20"]
[Round "?"]
[White "Rakovic, Dragan"]
[Black "Sapi, Janos"]
[Result "1/2-1/2"]
[WhiteElo "1502"]
[BlackElo "2149"]
[PlyCount "95"]
[EventDate "2006.12.20"]
[EventType "tourn (corr)"]
[EventRounds "12"]
[SourceTitle "Corr 2024"]
[Source "ChessBase"]
[SourceDate "2023.10.19"]
[SourceVersion "1"]
[SourceVersionDate "2023.10.19"]
[SourceQuality "1"]

1. e4 c5 2. c3 d5 3. exd5 Qxd5 4. d4 Nf6 5. Nf3 e6 6. Be3 cxd4 7. cxd4 Nc6 8. Nc3 Qd6 9. a3 Be7 10. Bd3 0-0 11. 0-0 b6 12. Qe2 Bb7 13. Rad1 Rad8 14. Bg5 g6 15. Bb1 Nd5 16. Ne4 Qd7 17. Bh6 Rfe8 18. Ba2 Qc7 19. Rfe1 a6 20. Rc1 Qb8 21. h3 Rd7 22. b4 Rc8 23. h4 Ba8 24. Neg5 Bxg5 25. Bxg5 Bb7 26. g3 Qd6 27. Qe4 Nce7 28. Qe5 Rxc1 29. Rxc1 Nc6 30. Qxd6 Rxd6 31. Kf1 Nce7 32. Ke2 f6 33. Bd2 h5 34. Bc4 Nf5 35. Bd3 Kf7 36. a4 Nde7 37. Bxf5 exf5 38. Rc7 Bd5 39. b5 Bxf3+ 40. Kxf3 Rxd4 41. Be3 Rxa4 42. Bxb6 axb5 43. Bc5 Re4 44. Rb7 Re5 45. Bxe7 Rxe7 46. Rxb5 Kg7 47. Ra5 Rb7 48. Kf4 1/2-1/2

[Event "IECG TE.2006.P.02317 email"]
[Site "IECG email"]
[Date "2006.12.20"]
[Round "?"]
[White "Sapi, Janos"]
[Black "Fulir, Mladen"]
[Result "1-0"]
[WhiteElo "2149"]
[BlackElo "1950"]
[PlyCount "37"]
[EventDate "2006.12.20"]
[EventType "tourn (corr)"]
[EventRounds "12"]
[SourceTitle "Corr 2024"]
[Source "ChessBase"]
[SourceDate "2023.10.19"]
[SourceVersion "1"]
[SourceVersionDate "2023.10.19"]
[SourceQuality "1"]

1. e4 c5 2. c3 Nc6 3. d4 cxd4 4. cxd4 d5 5. exd5 Qxd5 6. Nf3 e5 7. Nc3 Bb4 8. Bd2 Bxc3 9. Bxc3 e4 10. Ne5 Nxe5 11. dxe5 Ne7 12. Be2 0-0 13. 0-0 Bf5 14. Qa4 Qe6 15. Rad1 Qc6 16. Qxc6 Nxc6 17. f4 Rfd8 18. Kf2 Be6 19. a3 1-0

[Event "HUN-chT2 Erkel 0506"]
[Site "Hungary"]
[Date "2006.04.09"]
[Round "10"]
[White "Sapi, Janos"]
[Black "Berki, Ferenc"]
[Result "1/2-1/2"]
[WhiteElo "2079"]
[BlackElo "2046"]
[PlyCount "45"]
[EventDate "2005.10.16"]
[EventType "team"]
[EventRounds "11"]
[EventCountry "HUN"]
[SourceTitle "EXT 2009"]
[Source "ChessBase"]
[SourceDate "2008.11.26"]
[SourceVersion "1"]
[SourceVersionDate "2008.11.26"]
[SourceQuality "1"]
[WhiteTeam "Szekuritas"]
[BlackTeam "Foti"]
[WhiteTeamCountry "HUN"]
[BlackTeamCountry "HUN"]

1. d4 d5 2. c4 c6 3. Nf3 Nf6 4. g3 dxc4 5. Bg2 Bf5 6. 0-0 e6 7. Ne5 Be7 8. Nc3 Nbd7 9. e4 Bg6 10. Nxg6 hxg6 11. d5 cxd5 12. exd5 exd5 13. Nxd5 0-0 14. Bf4 Nxd5 15. Qxd5 Nc5 16. Qxc4 Rc8 17. Rad1 Qb6 18. Qe2 Bf6 19. b3 Rfe8 20. Be3 Qb4 21. Qf3 b6 22. Bxc5 Qxc5 23. Rd7 1/2-1/2

[Event "HUN-chT2 Erkel 0405"]
[Site "Hungary"]
[Date "2005.04.24"]
[Round "11"]
[White "Piroska, Istvan"]
[Black "Sapi, Janos"]
[Result "1-0"]
[WhiteElo "2198"]
[BlackElo "2132"]
[PlyCount "49"]
[EventDate "2004.09.26"]
[EventType "team"]
[EventRounds "11"]
[EventCountry "HUN"]
[SourceTitle "EXT 2009"]
[Source "ChessBase"]
[SourceDate "2008.11.26"]
[SourceVersion "1"]
[SourceVersionDate "2008.11.26"]
[SourceQuality "1"]
[WhiteTeam "Karpati"]
[BlackTeam "Szekuritas"]
[WhiteTeamCountry "HUN"]
[BlackTeamCountry "HUN"]

1. e4 c5 2. Nf3 Nc6 3. d4 cxd4 4. Nxd4 Qc7 5. Be2 Nf6 6. Nc3 e6 7. Be3 a6 8. 0-0 b5 9. a3 Bb7 10. f4 d6 11. Bf3 Be7 12. Qe1 0-0 13. Qg3 Rfe8 14. e5 dxe5 15. fxe5 Nxd4 16. Bxd4 Bc5 17. Bxc5 Qxc5+ 18. Kh1 Nd5 19. Ne4 Qc7 20. Nf6+ Nxf6 21. Bxb7 Qxb7 22. exf6 g6 23. Qf4 Kh8 24. Rf3 h5 25. Qh6+ 1-0

[Event "HUN-chT2 Erkel 0405"]
[Site "Hungary"]
[Date "2005.03.06"]
[Round "9"]
[White "Sapi, Janos"]
[Black "Takacs, Lajos"]
[Result "0-1"]
[WhiteElo "2132"]
[BlackElo "2267"]
[PlyCount "50"]
[EventDate "2004.09.26"]
[EventType "team"]
[EventRounds "11"]
[EventCountry "HUN"]
[SourceTitle "EXT 2009"]
[Source "ChessBase"]
[SourceDate "2008.11.26"]
[SourceVersion "1"]
[SourceVersionDate "2008.11.26"]
[SourceQuality "1"]
[WhiteTeam "Szekuritas"]
[BlackTeam "Ujszasz"]
[WhiteTeamCountry "HUN"]
[BlackTeamCountry "HUN"]

1. e4 g6 2. d4 Bg7 3. Nc3 c6 4. Bc4 d6 5. h3 Nf6 6. Qe2 e5 7. d5 cxd5 8. Nxd5 Nxd5 9. Bxd5 0-0 10. Nf3 Nc6 11. Bg5 Qc7 12. Qd2 Nd4 13. Nxd4 exd4 14. 0-0 Be6 15. Bxe6 fxe6 16. Rac1 Qc6 17. Rfe1 Rf7 18. Bh6 Bxh6 19. Qxh6 Raf8 20. f3 Qb6 21. b3 Rf4 22. Kh1 Qa5 23. Red1 Qb5 24. Rd3 Qe5 25. Qh4 Rxh4 0-1

[Event "HUN-chT2 Erkel 0405"]
[Site "Hungary"]
[Date "2004.11.21"]
[Round "3"]
[White "Mullner, Imre"]
[Black "Sapi, Janos"]
[Result "1-0"]
[WhiteElo "2252"]
[BlackElo "2132"]
[PlyCount "72"]
[EventDate "2004.09.26"]
[EventType "team"]
[EventRounds "11"]
[EventCountry "HUN"]
[SourceTitle "EXT 2009"]
[Source "ChessBase"]
[SourceDate "2008.11.26"]
[SourceVersion "1"]
[SourceVersionDate "2008.11.26"]
[SourceQuality "1"]
[WhiteTeam "Statisztika II"]
[BlackTeam "Szekuritas"]
[WhiteTeamCountry "HUN"]
[BlackTeamCountry "HUN"]

1. e4 c5 2. Nf3 Nc6 3. Bb5 g6 4. Nc3 Nd4 5. Bc4 e6 6. d3 Bg7 7. 0-0 a6 8. a4 Ne7 9. Bg5 f6 10. Bf4 Nec6 11. Nxd4 cxd4 12. Ne2 0-0 13. c3 dxc3 14. bxc3 d6 15. d4 Na5 16. Ba2 Kh8 17. d5 e5 18. Be3 b5 19. axb5 axb5 20. Bb1 Bd7 21. Bd3 Qc7 22. Re1 Nc4 23. Bxc4 Qxc4 24. Rb1 Ra2 25. Rb4 Qc7 26. Qb3 Rfa8 27. f3 R2a3 28. Qc2 f5 29. h3 Bf6 30. g4 f4 31. Bf2 Kg7 32. Kh2 Ra2 33. Rb2 Rxb2 34. Qxb2 Qc4 35. Nc1 Qa4 36. Nd3 Qa6 1-0